Les Ballons d'or (années en 1) - Statistiques

Statistiques générales
  • Ce quiz a été pris 74 fois
  • Le résultat moyen est 5 sur 6
Statistiques - réponses
Année Nationalité Ballon d'or % Correct
2011 Argentine Lionel Messi
99%
1971 Pays-Bas Johan Cruyff
92%
2001 Angleterre Michael Owen
92%
1991 France Jean-Pierre Papin
90%
1981 Allemagne Karl-Heinz Rummenigge
63%
1961 Italie Omar Sívori
31%
Aucun quiz correspondant
Distribution des résultats
% des personnes avec chaque résultat
Percentile par nombre de réponses
Votre historique - résultats
Vous n’avez pas pris ce quiz